00803 2200289 4500001002100000005001500021035002000036007000300056040001700059100003000076245007600106250001200182300003100194041000800225082001000233084001700243090002300260264004100283336002100324337003000345338002300375650001100398700003800409850001000447008004100457990001500498INLIS00000000000794320260529110601 a0010-0922000432ta aSBPUPADbind0 aNaning PranotoePengarang1 aDzikir Jantung Fatimah :bAda Tuhan di Negeri Kanguru /cNaning Pranoto a,-cet,1 a331 hlm :bilus ;c19,5 cm aind a808.3 a808.3 NAN d a808.3 NAN d 24-4 a,-- Yogyakarta; :bDIVA Press,c2012 2rdacontentateks 2rdamediaatanpa perantara 2rdacarrieravolume 4asastra aEditor, Misni ParjiatiePengarang aPUPAD260529 1  a517/H/2013